000
00311nam a22001457a 4500
003
SGT
020
_a
978-93-87964-10-5
082
_a
618.92
_b
G19P
100
_a
PAUL, VINOD K.
245
_a
GHAI ESSENTIAL PEDIATRICS
250
_a
9TH
260
_a
INDIA
_b
CBS
_c
2019
300
_a
798
942
_2
ddc
_c
BK
_0
17
999
_c
16546
_d
16546